000
00314pab a2200145 454500
008
180718b1987 xxu||||| |||| 00| 0 eng d
100
_a
Bhatt, S.C.
245
_a
Media - a mixed scenario
260
_c
1987
300
_a
94-7
362
_a
15 Aug.
650
_a
Mass Media
773
_a
Yojana
909
_a
13289
999
_c
13289
_d
13289